| 000 | 00616nam a2200229 a 4500 | ||
|---|---|---|---|
| 005 | 20210219153145.0 | ||
| 008 | 991125n 000 0 spa u | ||
| 035 | _aUPN01000080958 | ||
| 100 | _aSOCKETT, Hugh T | ||
| 222 | _aHARVARD EDUCATIONAL REVIEW | ||
| 245 | _aHas shulman got the strategy right? | ||
| 260 | _aMassachusetts, EUA | ||
| 300 | _a208-219 | ||
| 362 | _a1987 Vol. 57, no. 2, may. | ||
| 653 | 0 | _aETICA PROFESIONAL | |
| 653 | 0 | _aFORMACION DE MAESTROS | |
| 653 | 0 | _aPRACTICA PROFESIONAL | |
| 653 | 0 | _aREFORMA EDUCATIVA | |
| 653 | 0 | _aVOCACION | |
| 904 |
_aAC _b018769 |
||
| 905 | _aArticulo | ||
| 999 |
_c69736 _d69736 |
||